[Event "Grand Swiss "]
[Date "2025.09.09"]
[White "Dardha, Daniel"]
[Black "Warmerdam, Max"]
[WhiteElo "2624"]
[BlackElo "2591"]
[Round "6.6.53"]
[Result "1/2-1/2"]

1. d4 {[%clk 01:40:54] [%emt 00:00:05]} d5 {[%clk 01:40:46] [%emt 00:00:14]} 2.
c4 {[%clk 01:41:16] [%emt 00:00:09]} e6 {[%clk 01:41:09] [%emt 00:00:07]} 3. Nc3
{[%clk 01:41:29] [%emt 00:00:17]} Nf6 {[%clk 01:41:08] [%emt 00:00:30]} 4. cxd5
{[%clk 01:41:32] [%emt 00:00:27]} exd5 {[%clk 01:41:32] [%emt 00:00:06]} 5. Bg5
{[%clk 01:41:56] [%emt 00:00:06]} Be7 {[%clk 01:41:23] [%emt 00:00:39]} 6. e3
{[%clk 01:41:48] [%emt 00:00:38]} h6 {[%clk 01:41:37] [%emt 00:00:16]} 7. Bh4
{[%clk 01:41:46] [%emt 00:00:32]} Bg4 {[%clk 01:41:55] [%emt 00:00:13]} 8. f3
{[%clk 01:37:22] [%emt 00:04:54]} Be6 {[%clk 01:41:53] [%emt 00:00:31]} 9. Bd3
{[%clk 01:35:37] [%emt 00:02:15]} c5 {[%clk 01:41:12] [%emt 00:01:11]} 10. Nge2
{[%clk 01:34:21] [%emt 00:01:46]} O-O {[%clk 01:39:38] [%emt 00:02:04]} 11. O-O
{[%clk 01:33:24] [%emt 00:01:27]} Nc6 {[%clk 01:40:02] [%emt 00:00:06]} 12. Kh1
{[%clk 01:29:47] [%emt 00:04:07]} cxd4 {[%clk 01:37:57] [%emt 00:02:35]} 13.
exd4 {[%clk 01:27:57] [%emt 00:02:20]} Re8 {[%clk 01:33:03] [%emt 00:05:24]} 14.
Rc1 {[%clk 01:18:55] [%emt 00:09:32]} Rc8 {[%clk 01:29:25] [%emt 00:04:07]} 15.
a3 {[%clk 01:16:25] [%emt 00:03:01]} Qd7 {[%clk 01:22:36] [%emt 00:07:20]} 16.
Na4 {[%clk 01:07:55] [%emt 00:08:59]} Bf5 {[%clk 01:03:49] [%emt 00:19:17]} 17.
Nc5 {[%clk 00:58:34] [%emt 00:09:52]} Bxc5 {[%clk 01:04:05] [%emt 00:00:13]} 18.
Bxf5 {[%clk 00:58:02] [%emt 00:01:03]} Qxf5 {[%clk 01:04:16] [%emt 00:00:18]}
19. dxc5 {[%clk 00:58:21] [%emt 00:00:11]} a6 {[%clk 00:49:53] [%emt 00:14:53]}
20. Nd4 {[%clk 00:40:17] [%emt 00:18:34]} Qf4 {[%clk 00:40:46] [%emt 00:09:37]}
21. Bf2 {[%clk 00:40:24] [%emt 00:00:23]} Nd7 {[%clk 00:40:51] [%emt 00:00:26]}
22. Rc2 {[%clk 00:33:48] [%emt 00:07:06]} Nde5 {[%clk 00:39:33] [%emt 00:01:47]}
23. Ne2 {[%clk 00:32:30] [%emt 00:01:48]} Qf5 {[%clk 00:28:29] [%emt 00:11:34]}
24. Rd2 {[%clk 00:31:24] [%emt 00:01:36]} Nc4 {[%clk 00:24:11] [%emt 00:04:48]}
25. Rxd5 {[%clk 00:31:30] [%emt 00:00:25]} Nxb2 {[%clk 00:19:51] [%emt
00:04:49]} 26. Rxf5 {[%clk 00:19:36] [%emt 00:12:25]} Nxd1 {[%clk 00:19:21]
[%emt 00:01:00]} 27. Rxd1 {[%clk 00:19:57] [%emt 00:00:08]} Rxe2 {[%clk
00:19:46] [%emt 00:00:04]} 28. Bg3 {[%clk 00:20:09] [%emt 00:00:19]} Rd8 {[%clk
00:15:38] [%emt 00:04:38]} 29. Rxd8+ {[%clk 00:15:27] [%emt 00:05:12]} Nxd8
{[%clk 00:16:03] [%emt 00:00:05]} 30. h4 {[%clk 00:15:47] [%emt 00:00:10]} Ra2
{[%clk 00:13:19] [%emt 00:03:14]} 31. Rd5 {[%clk 00:15:12] [%emt 00:01:05]} Ne6
{[%clk 00:13:20] [%emt 00:00:29]} 32. c6 {[%clk 00:14:17] [%emt 00:01:26]} bxc6
{[%clk 00:13:01] [%emt 00:00:49]} 33. Ra5 {[%clk 00:14:42] [%emt 00:00:05]} Nd4
{[%clk 00:11:26] [%emt 00:02:04]} 34. Rxa6 {[%clk 00:13:47] [%emt 00:01:25]} Nf5
{[%clk 00:11:38] [%emt 00:00:17]} 35. Kh2 {[%clk 00:13:30] [%emt 00:00:47]} c5
{[%clk 00:10:56] [%emt 00:01:12]} 36. Rc6 {[%clk 00:12:00] [%emt 00:02:01]} Nxg3
{[%clk 00:09:30] [%emt 00:01:56]} 37. Kxg3 {[%clk 00:12:26] [%emt 00:00:04]}
Rxa3 {[%clk 00:09:56] [%emt 00:00:04]} 38. Rxc5 {[%emt 00:00:04]} 1/2-1/2

[Site "Europe Echecs"]

[Event "Grand Swiss "]
[Date "2025.09.09"]
[White "Donchenko, Alexander"]
[Black "Vakhidov, Jakhongir"]
[WhiteElo "2624"]
[BlackElo "2521"]
[Round "6.6.54"]
[Result "1-0"]

1. d4 {[%clk 01:40:57] [%emt 00:00:03]} Nf6 {[%clk 01:40:54] [%emt 00:00:06]} 2.
c4 {[%clk 01:41:13] [%emt 00:00:14]} g6 {[%clk 01:41:17] [%emt 00:00:06]} 3. Nc3
{[%clk 01:41:17] [%emt 00:00:26]} Bg7 {[%clk 01:41:11] [%emt 00:00:36]} 4. e4
{[%clk 01:41:27] [%emt 00:00:20]} d6 {[%clk 01:41:36] [%emt 00:00:05]} 5. Be2
{[%clk 01:41:35] [%emt 00:00:23]} O-O {[%clk 01:41:58] [%emt 00:00:08]} 6. Nf3
{[%clk 01:41:44] [%emt 00:00:20]} e5 {[%clk 01:41:41] [%emt 00:00:47]} 7. d5
{[%clk 01:41:52] [%emt 00:00:23]} a5 {[%clk 01:41:49] [%emt 00:00:22]} 8. h3
{[%clk 01:41:53] [%emt 00:00:28]} Nh5 {[%clk 01:42:12] [%emt 00:00:07]} 9. g3
{[%clk 01:38:10] [%emt 00:04:14]} Na6 {[%clk 01:42:35] [%emt 00:00:07]} 10. Nh2
{[%clk 01:28:39] [%emt 00:10:01]} Nf6 {[%clk 01:42:57] [%emt 00:00:07]} 11. g4
{[%clk 01:23:24] [%emt 00:05:46]} Nc5 {[%clk 01:41:25] [%emt 00:02:02]} 12. Qc2
{[%clk 01:22:21] [%emt 00:01:34]} Ne8 {[%clk 01:40:03] [%emt 00:01:51]} 13. Rg1
{[%clk 01:17:05] [%emt 00:05:45]} Kh8 {[%clk 01:36:33] [%emt 00:04:01]} 14. Be3
{[%clk 01:13:24] [%emt 00:04:11]} f5 {[%clk 01:35:18] [%emt 00:01:46]} 15. exf5
{[%clk 01:04:53] [%emt 00:09:00]} gxf5 {[%clk 01:34:11] [%emt 00:01:36]} 16. g5
{[%clk 00:53:34] [%emt 00:11:50]} Qe7 {[%clk 01:28:21] [%emt 00:06:20]} 17. f3
{[%clk 00:41:13] [%emt 00:12:51]} Na6 {[%clk 01:16:30] [%emt 00:12:22]} 18. h4
{[%clk 00:39:16] [%emt 00:02:26]} Qf7 {[%clk 01:10:51] [%emt 00:06:09]} 19. f4
{[%clk 00:34:15] [%emt 00:05:31]} Qe7 {[%clk 01:08:33] [%emt 00:02:48]} 20. Nf3
{[%clk 00:29:25] [%emt 00:05:19]} a4 {[%clk 01:02:39] [%emt 00:06:25]} 21. Qxa4
{[%clk 00:22:11] [%emt 00:07:44]} exf4 {[%clk 00:57:40] [%emt 00:05:29]} 22. Bd2
{[%clk 00:16:12] [%emt 00:06:28]} c5 {[%clk 00:49:24] [%emt 00:08:47]} 23. Bxf4
{[%clk 00:11:37] [%emt 00:05:05]} Bxc3+ {[%clk 00:45:48] [%emt 00:04:06]} 24.
bxc3 {[%clk 00:12:05] [%emt 00:00:02]} Qe4 {[%clk 00:46:10] [%emt 00:00:07]} 25.
Bh2 {[%clk 00:12:04] [%emt 00:00:31]} Ng7 {[%clk 00:44:25] [%emt 00:02:16]} 26.
Qd1 {[%clk 00:11:13] [%emt 00:01:21]} Re8 {[%clk 00:43:16] [%emt 00:01:39]} 27.
Kf1 {[%clk 00:10:34] [%emt 00:01:08]} f4 {[%clk 00:30:07] [%emt 00:13:39]} 28.
Qd3 {[%clk 00:10:50] [%emt 00:00:14]} Qxd3 {[%clk 00:30:31] [%emt 00:00:06]} 29.
Bxd3 {[%clk 00:11:18] [%emt 00:00:02]} Re3 {[%clk 00:30:55] [%emt 00:00:06]} 30.
Be2 {[%clk 00:09:53] [%emt 00:01:55]} Nh5 {[%clk 00:31:14] [%emt 00:00:12]} 31.
Kf2 {[%clk 00:03:34] [%emt 00:06:49]} Bf5 {[%clk 00:26:33] [%emt 00:05:11]} 32.
Nd2 {[%clk 00:02:51] [%emt 00:01:13]} Rh3 {[%clk 00:25:56] [%emt 00:01:07]} 33.
Rh1 {[%clk 00:02:19] [%emt 00:01:02]} Bg6 {[%clk 00:23:16] [%emt 00:03:09]} 34.
Rac1 {[%clk 00:00:37] [%emt 00:02:13]} Nc7 {[%clk 00:15:47] [%emt 00:07:59]} 35.
a4 {[%clk 00:00:40] [%emt 00:00:28]} Re8 {[%clk 00:12:58] [%emt 00:03:18]} 36.
Bg4 {[%clk 00:00:32] [%emt 00:00:38]} Rxh4 {[%clk 00:09:37] [%emt 00:03:51]} 37.
Rcg1 {[%clk 00:01:00] [%emt 00:00:02]} Ng3 {[%clk 00:09:58] [%emt 00:00:09]} 38.
Rxg3 {[%clk 00:01:11] [%emt 00:00:19]} Rxh2+ {[%clk 00:01:01] [%emt 00:09:28]}
39. Rxh2 {[%clk 00:01:39] [%emt 00:00:01]} fxg3+ {[%clk 00:01:30]} 40. Kxg3
{[%clk 00:01:57] [%emt 00:00:13]} Bd3 {[%clk 00:01:14] [%emt 00:00:46]} 41. Rf2
{[%clk 00:46:57] [%emt 00:05:30]} Kg7 {[%clk 00:43:38] [%emt 00:08:06]} 42. Rf6
{[%clk 00:44:44] [%emt 00:02:42]} Rd8 {[%clk 00:44:01] [%emt 00:00:07]} 43. Bh5
{[%clk 00:44:11] [%emt 00:01:03]} Rd7 {[%clk 00:41:08] [%emt 00:03:23]} 44. a5
{[%clk 00:42:48] [%emt 00:01:53]} Kg8 {[%clk 00:25:50] [%emt 00:15:48]} 45. Kf3
{[%clk 00:31:55] [%emt 00:11:23]} Kg7 {[%clk 00:25:45] [%emt 00:00:35]} 46. Kf4
{[%clk 00:31:55] [%emt 00:00:30]} Kg8 {[%clk 00:24:06] [%emt 00:02:09]} 47. Bg4
{[%clk 00:30:30] [%emt 00:01:55]} Rd8 {[%clk 00:18:59] [%emt 00:05:39]} 48. Be6+
{[%clk 00:30:34] [%emt 00:00:25]} Nxe6+ {[%clk 00:19:03] [%emt 00:00:26]} 49.
dxe6 {[%clk 00:30:58] [%emt 00:00:05]} Bg6 {[%clk 00:19:29] [%emt 00:00:04]} 50.
Ne4 {[%clk 00:27:14] [%emt 00:04:14]} Kg7 {[%clk 00:19:25] [%emt 00:00:35]} 51.
Ng3 {[%clk 00:26:44] [%emt 00:01:00]} 1-0

[Site "Europe Echecs"]

[Event "Grand Swiss "]
[Date "2025.09.09"]
[White "Karthikeyan, Murali"]
[Black "Abdisalimov, Abdimalik"]
[WhiteElo "2669"]
[BlackElo "2488"]
[Round "6.6.55"]
[Result "1/2-1/2"]

1. d4 {[%clk 01:40:48] [%emt 00:00:11]} Nf6 {[%clk 01:40:17] [%emt 00:00:43]} 2.
c4 {[%clk 01:41:05] [%emt 00:00:13]} e6 {[%clk 01:40:41] [%emt 00:00:07]} 3. Nc3
{[%clk 01:41:26] [%emt 00:00:09]} Bb4 {[%clk 01:41:06] [%emt 00:00:06]} 4. e3
{[%clk 01:41:40] [%emt 00:00:15]} O-O {[%clk 01:41:01] [%emt 00:00:34]} 5. Bd3
{[%clk 01:42:01] [%emt 00:00:10]} d5 {[%clk 01:41:03] [%emt 00:00:28]} 6. a3
{[%clk 01:41:56] [%emt 00:00:35]} Bxc3+ {[%clk 01:40:12] [%emt 00:01:22]} 7.
bxc3 {[%clk 01:42:18] [%emt 00:00:08]} dxc4 {[%clk 01:40:38] [%emt 00:00:05]} 8.
Bxc4 {[%clk 01:42:39] [%emt 00:00:08]} c5 {[%clk 01:41:04] [%emt 00:00:04]} 9.
Nf3 {[%clk 01:43:01] [%emt 00:00:08]} Qc7 {[%clk 01:41:13] [%emt 00:00:22]} 10.
Be2 {[%clk 01:43:18] [%emt 00:00:12]} Nc6 {[%clk 01:38:57] [%emt 00:02:46]} 11.
O-O {[%clk 01:42:33] [%emt 00:01:14]} Rd8 {[%clk 01:38:48] [%emt 00:00:40]} 12.
Bb2 {[%clk 01:33:44] [%emt 00:09:19]} e5 {[%clk 01:38:32] [%emt 00:00:47]} 13.
Qc2 {[%clk 01:33:38] [%emt 00:00:36]} Bg4 {[%clk 01:35:21] [%emt 00:03:41]} 14.
h3 {[%clk 01:33:28]} Bh5 {[%clk 01:35:09] [%emt 00:01:22]} 15. Nxe5 {[%clk
01:33:33]} Bxe2 {[%clk 01:35:11] [%emt 00:00:53]} 16. Qxe2 {[%clk 01:33:51]}
Nxe5 {[%clk 01:35:36] [%emt 00:00:17]} 17. dxe5 {[%clk 01:34:15]} Qxe5 {[%clk
01:36:01] [%emt 00:00:11]} 18. c4 {[%clk 01:34:38]} Qe6 {[%clk 01:35:36] [%emt
00:01:01]} 19. Rfd1 {[%emt 00:17:19]} Ne4 {[%clk 01:18:30] [%emt 00:01:22]} 20.
Rac1 {[%clk 01:18:55] [%emt 00:11:12]} Rd6 {[%clk 01:12:44]} 21. f3 Ng3 {[%clk
01:13:23]} 22. Qe1 Nf5 {[%clk 01:13:23]} 23. Rxd6 {[%clk 01:18:55]} Nxd6 {[%clk
01:08:40] [%emt 00:44:30]} 24. Qc3 {[%clk 00:52:23]} f6 {[%clk 00:48:48] [%emt
00:20:40]} 25. e4 {[%emt 00:12:19]} Rc8 {[%clk 00:36:06] [%emt 00:04:37]} 26. a4
b6 {[%emt 00:21:18]} 27. g4 {[%clk 00:25:57] [%emt 00:02:47]} h6 28. e5 {[%clk
00:26:17] [%emt 00:06:07]} fxe5 29. Qxe5 {[%emt 00:01:20]} Qxe5 {[%clk 00:31:24]
[%emt 00:00:05]} 30. Bxe5 {[%clk 00:25:36] [%emt 00:00:11]} Nf7 31. Bf4 {[%emt
00:08:03]} Rd8 {[%emt 00:06:48]} 1/2-1/2

[Site "Europe Echecs"]

[Event "Grand Swiss "]
[Date "2025.09.09"]
[White "Muradli, Mahammad"]
[Black "Hammer, Jon Ludvig"]
[WhiteElo "2590"]
[BlackElo "2618"]
[Round "6.6.56"]
[Result "1/2-1/2"]

1. Nf3 {[%clk 01:40:53] [%emt 00:00:05]} c5 {[%clk 01:40:49] [%emt 00:00:11]} 2.
c4 {[%clk 01:41:11] [%emt 00:00:12]} g6 {[%clk 01:41:12] [%emt 00:00:07]} 3. e4
{[%clk 01:39:57] [%emt 00:01:45]} Bg7 {[%clk 01:41:30] [%emt 00:00:12]} 4. d4
{[%clk 01:40:22] [%emt 00:00:05]} d6 {[%clk 01:41:51] [%emt 00:00:09]} 5. d5
{[%clk 01:35:25] [%emt 00:05:27]} e6 {[%clk 01:42:14] [%emt 00:00:07]} 6. h3
{[%clk 01:30:06] [%emt 00:05:49]} exd5 {[%clk 01:40:11] [%emt 00:02:33]} 7. exd5
{[%clk 01:17:40] [%emt 00:12:55]} Nh6 {[%clk 01:40:25] [%emt 00:00:16]} 8. Bg5
{[%clk 01:04:11] [%emt 00:14:00]} f6 {[%clk 01:40:18] [%emt 00:00:37]} 9. Bd2
{[%clk 01:04:32] [%emt 00:00:08]} O-O {[%clk 01:40:34] [%emt 00:00:13]} 10. Be2
{[%clk 01:04:45] [%emt 00:00:18]} Nf7 {[%clk 01:40:26] [%emt 00:00:38]} 11. Nc3
{[%clk 01:04:38] [%emt 00:00:37]} Nd7 {[%clk 01:38:46] [%emt 00:02:09]} 12. O-O
{[%clk 01:00:08] [%emt 00:05:00]} f5 {[%clk 01:38:25] [%emt 00:00:52]} 13. Qc2
{[%clk 00:52:59] [%emt 00:07:39]} Nde5 {[%clk 01:19:04] [%emt 00:19:50]} 14. Nh2
{[%clk 00:45:28] [%emt 00:08:01]} g5 {[%clk 01:19:18] [%emt 00:00:16]} 15. f4
{[%clk 00:45:50] [%emt 00:00:08]} gxf4 {[%clk 01:19:34] [%emt 00:00:15]} 16.
Bxf4 {[%clk 00:46:07] [%emt 00:00:13]} Bd7 {[%clk 01:07:01] [%emt 00:13:02]} 17.
Bd2 {[%clk 00:39:53] [%emt 00:06:45]} Qh4 {[%clk 00:56:40] [%emt 00:10:51]} 18.
b3 {[%clk 00:37:34] [%emt 00:02:50]} Rae8 {[%clk 00:52:07] [%emt 00:05:02]} 19.
Kh1 {[%clk 00:34:52] [%emt 00:03:12]} Bh6 {[%clk 00:28:49] [%emt 00:23:48]} 20.
Qc1 {[%clk 00:30:41] [%emt 00:04:39]} Bxd2 {[%clk 00:26:19] [%emt 00:03:01]} 21.
Qxd2 {[%clk 00:31:07] [%emt 00:00:05]} Qd4 {[%clk 00:26:38] [%emt 00:00:11]} 22.
Qe1 {[%clk 00:23:27] [%emt 00:08:10]} Ng6 {[%clk 00:22:49] [%emt 00:04:18]} 23.
Rd1 {[%clk 00:21:51] [%emt 00:02:06]} Qe5 {[%clk 00:21:39] [%emt 00:01:41]} 24.
Qd2 {[%clk 00:20:22] [%emt 00:01:59]} Qe3 {[%clk 00:21:49] [%emt 00:00:19]} 25.
Bd3 {[%clk 00:16:59] [%emt 00:03:53]} Qxd2 {[%clk 00:19:11] [%emt 00:03:08]} 26.
Rxd2 {[%clk 00:17:04] [%emt 00:00:25]} Ng5 {[%clk 00:19:17] [%emt 00:00:25]} 27.
Kg1 {[%clk 00:15:17] [%emt 00:02:17]} Re3 {[%clk 00:17:51] [%emt 00:01:56]} 28.
Ne2 {[%clk 00:12:54] [%emt 00:02:52]} Kg7 {[%clk 00:08:09] [%emt 00:10:13]} 29.
Rf2 {[%clk 00:10:44] [%emt 00:02:40]} f4 {[%clk 00:06:50] [%emt 00:01:49]} 30.
Nf1 {[%clk 00:09:03] [%emt 00:02:11]} Rxd3 {[%clk 00:00:48] [%emt 00:06:32]} 31.
Rxd3 {[%clk 00:09:28] [%emt 00:00:05]} Ne4 {[%clk 00:01:08] [%emt 00:00:10]} 32.
Rdf3 {[%clk 00:01:30] [%emt 00:08:28]} Nxf2 {[%clk 00:01:24] [%emt 00:00:14]}
33. Rxf2 {[%clk 00:01:58] [%emt 00:00:02]} f3 {[%clk 00:00:53] [%emt 00:01:01]}
34. gxf3 {[%clk 00:02:12] [%emt 00:00:17]} Bxh3 {[%clk 00:01:13] [%emt
00:00:10]} 35. Nfg3 {[%clk 00:02:23] [%emt 00:00:18]} Nh4 {[%clk 00:00:38] [%emt
00:01:05]} 36. Ne4 {[%clk 00:00:49] [%emt 00:02:05]} Nxf3+ {[%clk 00:00:48]
[%emt 00:00:19]} 37. Kh1 {[%clk 00:01:18]} Nd4 {[%clk 00:00:35] [%emt 00:00:44]}
38. Nf4 {[%clk 00:01:44] [%emt 00:00:03]} Bg4 {[%clk 00:00:46] [%emt 00:00:19]}
39. Nxd6 {[%clk 00:01:52] [%emt 00:00:23]} b6 {[%clk 00:00:45] [%emt 00:00:31]}
40. Kg2 {[%clk 00:02:02] [%emt 00:00:19]} h5 {[%clk 00:00:48] [%emt 00:00:27]}
41. Nd3 {[%clk 00:00:33] [%emt 00:01:59]} Rxf2+ {[%clk 00:31:59] [%emt
00:19:19]} 42. Kxf2 {[%clk 00:47:15] [%emt 00:03:48]} Kf6 {[%clk 00:31:21] [%emt
00:01:08]} 43. b4 {[%clk 00:46:39] [%emt 00:01:06]} cxb4 {[%clk 00:23:51] [%emt
00:08:00]} 44. Nxb4 {[%clk 00:46:42] [%emt 00:00:27]} h4 {[%clk 00:23:33] [%emt
00:00:49]} 45. Ke3 {[%clk 00:19:22] [%emt 00:27:49]} Nf5+ {[%clk 00:19:21] [%emt
00:04:41]} 46. Kf4 {[%clk 00:17:47] [%emt 00:02:05]} Nxd6 {[%clk 00:19:35] [%emt
00:00:16]} 47. Kxg4 {[%clk 00:18:10] [%emt 00:00:07]} Nxc4 {[%clk 00:19:16]
[%emt 00:00:49]} 48. Kxh4 {[%clk 00:18:37] [%emt 00:00:02]} a5 {[%clk 00:16:55]
[%emt 00:02:51]} 49. Nc2 {[%clk 00:03:44] [%emt 00:15:23]} Kf5 {[%clk 00:07:38]
[%emt 00:09:48]} 50. Kg3 {[%clk 00:03:54] [%emt 00:00:20]} Ke4 {[%clk 00:08:01]
[%emt 00:00:07]} 51. Kf2 {[%clk 00:04:21] [%emt 00:00:03]} Kd3 {[%clk 00:06:45]
[%emt 00:01:46]} 52. Na3 {[%clk 00:02:07] [%emt 00:02:43]} Nd6 {[%clk 00:06:35]
[%emt 00:00:41]} 53. Kf3 {[%clk 00:02:36] [%emt 00:00:01]} b5 {[%clk 00:04:43]
[%emt 00:02:22]} 54. Kf4 {[%clk 00:03:05] [%emt 00:00:01]} b4 {[%clk 00:00:56]
[%emt 00:04:17]} 55. Ke5 {[%clk 00:02:53] [%emt 00:00:42]} Nc8 {[%clk 00:01:19]
[%emt 00:00:07]} 56. Nb5 {[%clk 00:03:01] [%emt 00:00:22]} a4 {[%clk 00:01:47]
[%emt 00:00:02]} 57. d6 {[%clk 00:01:42] [%emt 00:01:49]} Nb6 {[%clk 00:00:38]
[%emt 00:01:39]} 58. Nd4 {[%clk 00:01:45] [%emt 00:00:27]} Kc4 {[%clk 00:00:51]
[%emt 00:00:16]} 59. Ke4 {[%clk 00:01:07] [%emt 00:01:09]} Nd7 {[%clk 00:01:19]
[%emt 00:00:02]} 60. Nc6 {[%clk 00:00:33] [%emt 00:01:03]} Kc5 {[%clk 00:01:23]
[%emt 00:00:25]} 61. Nd4 {[%clk 00:00:36] [%emt 00:00:29]} Kxd6 {[%clk 00:13:47]
[%emt 00:03:06]} 62. Kd3 {[%clk 00:15:49] [%emt 00:00:17]} Kd5 {[%clk 00:13:32]
[%emt 00:00:45]} 63. Nf3 {[%clk 00:14:47] [%emt 00:01:32]} Nc5+ {[%clk 00:13:43]
[%emt 00:00:19]} 64. Kc2 {[%clk 00:15:13] [%emt 00:00:04]} Ne4 {[%clk 00:13:16]
[%emt 00:00:57]} 65. Nd2 {[%clk 00:14:06] [%emt 00:01:37]} Nc5 {[%clk 00:07:31]
[%emt 00:06:15]} 66. Nf3 {[%clk 00:12:30] [%emt 00:02:06]} Ke4 {[%clk 00:07:45]
[%emt 00:00:16]} 67. Nd2+ {[%clk 00:12:51] [%emt 00:00:09]} Ke3 {[%clk 00:08:02]
[%emt 00:00:13]} 68. Nc4+ {[%clk 00:12:46] [%emt 00:00:34]} Kd4 {[%clk 00:08:24]
[%emt 00:00:08]} 69. Nd2 {[%clk 00:12:55] [%emt 00:00:22]} Ne6 {[%clk 00:08:32]
[%emt 00:00:22]} 70. Kb2 {[%clk 00:07:36] [%emt 00:05:49]} Nc5 {[%clk 00:07:20]
[%emt 00:01:42]} 71. Kc2 {[%clk 00:08:00] [%emt 00:00:06]} Nb7 {[%clk 00:07:45]
[%emt 00:00:05]} 72. Nf3+ {[%clk 00:06:07] [%emt 00:02:23]} Ke3 {[%clk 00:07:47]
[%emt 00:00:28]} 73. Ne5 {[%clk 00:06:30] [%emt 00:00:07]} Na5 {[%clk 00:08:11]
[%emt 00:00:06]} 74. Nd3 {[%clk 00:06:37] [%emt 00:00:22]} Nc6 {[%clk 00:08:31]
[%emt 00:00:10]} 75. Nb2 {[%clk 00:05:32] [%emt 00:01:35]} Nd4+ {[%clk 00:08:30]
[%emt 00:00:31]} 76. Kb1 {[%clk 00:06:01] [%emt 00:00:02]} a3 {[%clk 00:08:50]
[%emt 00:00:10]} 77. Nc4+ {[%clk 00:06:09] [%emt 00:00:21]} Kd3 {[%clk 00:09:14]
[%emt 00:00:06]} 78. Nxa3 {[%clk 00:04:39] [%emt 00:02:00]} Kc3 {[%clk 00:09:37]
[%emt 00:00:06]} 79. Kc1 {[%clk 00:05:05] [%emt 00:00:05]} bxa3 {[%clk 00:07:36]
[%emt 00:02:31]} 80. Kb1 {[%clk 00:05:30] [%emt 00:00:05]} Nc2 {[%clk 00:07:02]
[%emt 00:01:03]} 81. Kc1 {[%clk 00:05:59] [%emt 00:00:02]} Nb4 {[%clk 00:07:25]
[%emt 00:00:07]} 82. Kb1 {[%clk 00:06:24] [%emt 00:00:05]} Kd2 {[%clk 00:07:52]
[%emt 00:00:03]} 83. Ka1 {[%clk 00:06:52] [%emt 00:00:03]} Kc1 {[%emt 00:00:06]}
1/2-1/2

[Site "Europe Echecs"]

[Event "Grand Swiss "]
[Date "2025.09.09"]
[White "Sargissian, Gabriel"]
[Black "Divya Deshmukh"]
[WhiteElo "2626"]
[BlackElo "2478"]
[Round "6.6.57"]
[Result "1/2-1/2"]

1. Nf3 {[%clk 01:40:56] [%emt 00:00:03]} d5 {[%clk 01:40:42] [%emt 00:00:19]} 2.
g3 {[%clk 01:41:19] [%emt 00:00:07]} Nf6 {[%clk 01:41:05] [%emt 00:00:07]} 3.
Bg2 {[%clk 01:41:30] [%emt 00:00:18]} c5 {[%clk 01:41:23] [%emt 00:00:13]} 4.
O-O {[%clk 01:39:58] [%emt 00:02:01]} Nc6 {[%clk 01:41:48] [%emt 00:00:05]} 5.
d4 {[%clk 01:37:22] [%emt 00:03:06]} cxd4 {[%clk 01:41:37] [%emt 00:00:42]} 6.
Nxd4 {[%clk 01:37:46] [%emt 00:00:06]} e5 {[%clk 01:42:01] [%emt 00:00:05]} 7.
Nxc6 {[%clk 01:38:02] [%emt 00:00:15]} bxc6 {[%clk 01:42:29] [%emt 00:00:02]} 8.
c4 {[%clk 01:38:25] [%emt 00:00:07]} Rb8 {[%clk 01:42:54] [%emt 00:00:05]} 9.
Bg5 {[%clk 01:31:29] [%emt 00:07:25]} Be7 {[%clk 01:37:26] [%emt 00:05:59]} 10.
Nc3 {[%clk 01:26:55] [%emt 00:05:04]} O-O {[%clk 01:36:05] [%emt 00:01:51]} 11.
Bxf6 {[%clk 01:24:15] [%emt 00:03:09]} Bxf6 {[%clk 01:35:46] [%emt 00:00:50]}
12. cxd5 {[%clk 01:24:40] [%emt 00:00:05]} cxd5 {[%clk 01:36:14] [%emt
00:00:03]} 13. Nxd5 {[%clk 01:24:50] [%emt 00:00:19]} Rxb2 {[%clk 01:36:00]
[%emt 00:00:44]} 14. Qa4 {[%clk 01:14:04] [%emt 00:11:15]} Be6 {[%clk 01:34:35]
[%emt 00:01:56]} 15. Nxf6+ {[%clk 01:09:08] [%emt 00:05:26]} Qxf6 {[%clk
01:35:02] [%emt 00:00:02]} 16. Qxa7 {[%clk 01:09:26] [%emt 00:00:14]} Rxe2
{[%clk 01:35:24] [%emt 00:00:07]} 17. Rfe1 {[%clk 01:01:15] [%emt 00:08:40]} e4
{[%clk 01:31:44] [%emt 00:04:10]} 18. Bf1 {[%clk 00:58:20] [%emt 00:03:24]} Rxe1
{[%clk 01:20:27] [%emt 00:11:48]} 19. Rxe1 {[%emt 00:34:01]} Qc3 {[%clk
00:46:46] [%emt 00:00:52]} 20. Rxe4 {[%clk 00:57:06] [%emt 00:01:31]} Qa1 {[%clk
00:45:30] [%emt 00:01:47]} 21. Rxe6 {[%clk 00:56:03] [%emt 00:01:33]} fxe6
{[%clk 00:45:54] [%emt 00:00:06]} 22. a4 {[%clk 00:56:03] [%emt 00:00:30]} Rf7
{[%clk 00:36:47] [%emt 00:09:37]} 23. Qa8+ {[%clk 00:47:34] [%emt 00:08:58]} Rf8
{[%clk 00:37:16] [%emt 00:00:02]} 24. Qa7 {[%clk 00:46:48] [%emt 00:01:16]} Rf7
{[%clk 00:37:28] [%emt 00:00:18]} 25. Qb6 {[%clk 00:41:42] [%emt 00:05:36]} Qxa4
{[%clk 00:34:13] [%emt 00:03:45]} 26. Qxe6 {[%clk 00:40:43] [%emt 00:01:29]} Qd7
{[%clk 00:29:22] [%emt 00:05:22]} 27. Bc4 {[%clk 00:33:49] [%emt 00:07:23]} Qd1+
{[%clk 00:29:48] [%emt 00:00:05]} 28. Kg2 {[%clk 00:34:14]} Qf3+ {[%clk
00:30:16] [%emt 00:00:08]} 29. Kh3 {[%clk 00:34:35] [%emt 00:00:08]} Qh5+ {[%clk
00:31:36] [%emt 00:00:23]} 30. Kg2 Qf3+ {[%clk 00:31:36]} 31. Kh3 Qh5+ {[%clk
00:31:36]} 1/2-1/2

[Site "Europe Echecs"]